00706 2200265 4500001002100000005001500021035002000036245007500056100002200131250000600153300003500159700001700194260003000211082001000241084001600251020002200267650003200289990001700321990001700338990001700355990001700372990001700389990001700406990001700423INLIS00000000000064720190123031635 a0010-01190001031 aKreasi Mendaur Ulang Sampah /cAde Husnul, M.Hum; Editor, Epik Finilih0 aAde Husnul, M.Hum a- aiv, 52 hlm. :bilus. ;c21 cm.0 aEpik Finilih aDepok :bArya Duta,c2010 a628.4 a628.4 ADE k a978-979-750-416-8 aTeknologi Pengolahan Sampah a02407/H/2018 a02408/H/2018 a02409/H/2018 a02447/H/2018 a02448/H/2018 a02449/H/2018 a02450/H/2018